| 000 | 01008nam a2200217 a 4500 | ||
|---|---|---|---|
| 001 | 58283 | ||
| 003 | BD-RjUL | ||
| 005 | 20220109103442.0 | ||
| 008 | 161217s1971 ii ||||| |||| 00| 0 ben d | ||
| 035 | _a(BD-RjUL)58407 | ||
| 040 |
_aBD-RjUL _bben _cBD-RjUL |
||
| 041 | _aben | ||
| 082 |
_223 _a327.09 _bSEA 1971 |
||
| 100 | 1 |
_aসেন, অসিত কুমার _9173121 |
|
| 245 | 1 | 0 |
_aআন্তর্জাতিক সম্পর্কের ইতিহাস : _bপ্রথম বিশ্বযুদ্ধোত্তর যুগ হইতে বর্তমান কাল পর্যন্ত / _cঅসিত কুমার সেন |
| 260 |
_aনূতন দিল্লী : _bএস চান্দ এণ্ড কোং, _c১৯৭১ |
||
| 300 |
_a[১২], ৫৩৬ পৃ ; _c২৩ সেমি. |
||
| 650 |
_aআন্তর্জাতিক সম্পর্ক _xইতিহাস _9173122 |
||
| 650 |
_aInternational Relation _xHistory _9173123 |
||
| 942 |
_2ddc _cBK |
||
| 999 |
_c58283 _d58283 |
||